Levéltári közlemények

Bibliographic Details
Corporate Author: Magyar Országos Levéltár (Budapešť, Maďarsko)
Format: Serial
Language:Hungarian
English
French
German
Italian
PhysicalDescription:zv. 23 cm
Published: Budapest Magy. Kir. Országos Léveltár 1923-
Budapest Akadémiai Kiadó
ISSN:0024-1512
Subjects:

MARC

LEADER 00000cas a22000004a 4500
001 vtls001357821
003 SK-MaSNL
005 20260228155750.0
008 990315c19239999hu fr 0 0b0hun c
022 |a 0024-1512 
035 |a SNK000311331 
040 |a SNK  |b slo  |c SNK  |d SAVUK  |e AACR2 
041 0 |a hun  |a eng  |a fre  |a ger  |a ita 
044 |a hu  |c HU 
072 7 |a 930 Historická veda. Pomocné vedy historické. Archívnictvo  |2 konspekt 
080 |a 930.253  |2 2001 
210 0 |a Levtári közl. 
222 0 |a Levéltári közlemények 
245 0 0 |a Levéltári közlemények 
246 1 1 |a Izvestija archivov 
246 1 1 |a Revue des archives 
260 |a Budapest  |b Magy. Kir. Országos Léveltár  |c 1923- 
260 3 |a Budapest  |b Akadémiai Kiadó 
300 |a zv.  |c 23 cm 
310 |a 2x ročne  |b 1962- 
321 |a 1x ročne 
362 0 |a Évf. 1 (1923)- 
500 |a Popis podľa roč. 17 (1939) 
650 0 7 |a archívy  |2 SNKPH  |9 26146 
650 0 7 |a Archives  |2 SNKPHeng  |9 265292 
710 2 |a Magyar Országos Levéltár (Budapešť, Maďarsko)  |9 58517 
850 |a Slovenská národná knižnica v Martine 
910 |a savuk 
999 |c 467  |d 467 
952 |0 0  |1 1  |4 0  |7 0  |a SNK  |b SNK  |d 1999-03-15  |l 0  |o snkČC 1668/41/1970  |p 17A0182912  |r 2005-01-02 00:00:00  |t P60, <06>, [BOOK], {606}  |w 2026-02-21  |y PREZ